Biology, epidemiology and management of Pyrodinium Red Tides

The report researched, discuss the biological, economic, management, medical and training issues of Pyrodinium red tides.

সংরক্ষণ করুন:
গ্রন্থ-পঞ্জীর বিবরন
বিন্যাস: গ্রন্থ
ভাষা:Undetermined
প্রকাশিত: Bandar Seri Begawan, Brunei Darussalam Fisheries Dept., Ministry of Development 1989
বিষয়গুলি:
ট্যাগগুলো: ট্যাগ যুক্ত করুন
কোনো ট্যাগ নেই, প্রথমজন হিসাবে ট্যাগ করুন!
Thư viện lưu trữ: Trung tâm Học liệu Trường Đại học Cần Thơ
LEADER 00763nam a2200181Ia 4500
001 CTU_143380
008 210402s9999 xx 000 0 und d
082 |a 579 
082 |b M266 
245 0 |a Biology, epidemiology and management of Pyrodinium Red Tides 
260 |a Bandar Seri Begawan, Brunei Darussalam 
260 |b Fisheries Dept., Ministry of Development 
260 |c 1989 
520 |a The report researched, discuss the biological, economic, management, medical and training issues of Pyrodinium red tides. 
650 |a Red tide,Algae,Paralytic shellfish poisoning 
650 |x Tảo,Hội thảo về độc chất,Congresses,Toxicology,Congresses,Congresses 
904 |i Năm 
980 |a Trung tâm Học liệu Trường Đại học Cần Thơ